| LEADER | 00497nam a2200205Ia 4500 | ||
|---|---|---|---|
| 001 | CTU_97522 | ||
| 008 | 210402s9999 xx 000 0 und d | ||
| 020 | |c 66.8 | ||
| 082 | |a 664.07 | ||
| 082 | |b N414 | ||
| 100 | |a Neilsen, S. Suzanne | ||
| 245 | 0 | |a Food analysis | |
| 245 | 0 | |c S. Suzanne Neilsen | |
| 260 | |a New York | ||
| 260 | |b Kluwer Academic | ||
| 260 | |c 2003 | ||
| 650 | |a Food | ||
| 650 | |x Analysis | ||
| 904 | |i M.Loan | ||
| 980 | |a Trung tâm Học liệu Trường Đại học Cần Thơ | ||